000 01150nam2a2200253 4500
001 RU\NLR\BIBL_A\010973252
005 20250624204533.0
010 _a978-5-346-03376-9
_bч. 2
_92000
021 _aRU
_b2016-1687
_9104
021 _aRU
_b2016-46934
_93020
035 _a(NLR Aleph) 010973252
090 _a10834504
_c10834504
100 _a20160208d2015 |||y0rusy50 ca
101 0 _arus
102 _aRU
105 _aa j 000yy
200 1 _aЗадачник
210 _d2015
_aБ. м.
215 _a342, [1] с.
_cил.
461 0 _1001RU\NLR\BIBL_A\011098819
_12001#$aАлгебра$e8 класс$eдля учащихся общеобразовательных организаций$eв 2 ч.$f[А.Г. Мордкович и др.]$gпод ред. А.Г. Мордковича$vЧ. 2
_911408454
_cМосква
_d2015
_e13-е изд., стер.
_f[А.Г. Мордкович и др.]
_nМнемозина
_o8 класс : для учащихся общеобразовательных организаций : в 2 ч.
_tАлгебра
_y9785346033745
_vЧ. 2
942 _cBOOK
980 _aNB